[Event "ODJM A 2025"]
[Site "Willingen GER"]
[Date "2025.06.11"]
[Round "6"]
[White "Arp, Piotr"]
[Black "Groessing, Daniel-Yosuke"]
[Result "0-1"]
[Termination "normal"]
[Board "26"]
[WhiteElo "1863"]
[BlackElo "1974"]
[WhiteClock "00:18:51"]
[BlackClock "00:47:41"]
[PlyCount "84"]
[WhiteFideId "34657398"]
[BlackFideId "1682237"]
[EventCountry "GER"]
[EventRounds "9"]
[EventType "swiss"]
[EventDate "2025.06.07"]

1. d4 {[%clk 01:30:59]} {[%emt 00:00:01]} Nf6 {[%clk 01:30:53]} {[%emt
00:00:07]} 2. c4 {[%clk 01:31:27]} {[%emt 00:00:02]} e6 {[%clk 01:31:14]}
{[%emt 00:00:09]} 3. Nc3 {[%clk 01:31:54]} {[%emt 00:00:02]} Bb4 {[%clk
01:31:38]} {[%emt 00:00:06]} 4. e3 {[%clk 01:32:21]} {[%emt 00:00:03]} O-O
{[%clk 01:31:57]} {[%emt 00:00:12]} 5. Bd3 {[%clk 01:32:49]} {[%emt 00:00:02]}
d5 {[%clk 01:32:13]} {[%emt 00:00:13]} 6. a3 {[%clk 01:33:12]} {[%emt
00:00:08]} Bxc3+ {[%clk 01:32:31]} {[%emt 00:00:12]} 7. bxc3 {[%clk 01:33:37]}
{[%emt 00:00:05]} dxc4 {[%clk 01:32:52]} {[%emt 00:00:09]} 8. Bxc4 {[%clk
01:34:01]} {[%emt 00:00:05]} c5 {[%clk 01:33:12]} {[%emt 00:00:10]} 9. Ne2
{[%clk 01:34:28]} {[%emt 00:00:03]} Qc7 {[%clk 01:33:25]} {[%emt 00:00:18]} 10.
Bd3 {[%clk 01:34:54]} {[%emt 00:00:04]} Nc6 {[%clk 01:32:50]} {[%emt 00:01:05]}
11. O-O {[%clk 01:34:45]} {[%emt 00:00:39]} e5 {[%clk 01:32:30]} {[%emt
00:00:49]} 12. Ng3 {[%clk 01:34:34]} {[%emt 00:00:42]} Rd8 {[%clk 01:27:30]}
{[%emt 00:05:30]} 13. Bb2 {[%clk 01:26:20]} {[%emt 00:08:43]} exd4 {[%clk
01:17:47]} {[%emt 00:10:13]} 14. cxd4 {[%clk 01:25:18]} {[%emt 00:01:32]} cxd4
{[%clk 01:17:34]} {[%emt 00:00:43]} 15. exd4 {[%clk 01:24:47]} {[%emt
00:01:01]} Qb6 {[%clk 01:13:25]} {[%emt 00:04:39]} 16. d5 {[%clk 01:06:59]}
{[%emt 00:18:19]} Qxb2 {[%clk 01:07:44]} {[%emt 00:06:10]} 17. dxc6 {[%clk
01:07:15]} {[%emt 00:00:14]} Bg4 {[%clk 01:06:44]} {[%emt 00:01:31]} 18. f3
{[%clk 00:55:20]} {[%emt 00:12:25]} Qd4+ {[%clk 01:05:40]} {[%emt 00:01:34]}
19. Kh1 {[%clk 00:50:56]} {[%emt 00:04:54]} bxc6 {[%clk 01:05:08]} {[%emt
00:01:02]} 20. fxg4 {[%clk 00:46:49]} {[%emt 00:04:36]} Qxd3 {[%clk 01:03:53]}
{[%emt 00:01:46]} 21. Qa4 {[%clk 00:45:32]} {[%emt 00:01:47]} Qd4 {[%clk
00:54:39]} {[%emt 00:09:43]} 22. Qxd4 {[%clk 00:30:41]} {[%emt 00:15:22]} Rxd4
{[%clk 00:54:58]} {[%emt 00:00:10]} 23. Nf5 {[%clk 00:31:06]} {[%emt 00:00:04]}
Rxg4 {[%clk 00:53:35]} {[%emt 00:01:54]} 24. Ne7+ {[%clk 00:31:20]} {[%emt
00:00:15]} Kf8 {[%clk 00:53:53]} {[%emt 00:00:13]} 25. Nxc6 {[%clk 00:31:46]}
{[%emt 00:00:05]} Rc4 {[%clk 00:53:58]} {[%emt 00:00:24]} 26. Ne5 {[%clk
00:31:23]} {[%emt 00:00:53]} Rc3 {[%clk 00:53:04]} {[%emt 00:01:20]} 27. a4
{[%clk 00:31:04]} {[%emt 00:00:54]} Re8 {[%clk 00:52:05]} {[%emt 00:01:28]} 28.
Rae1 {[%clk 00:30:00]} {[%emt 00:01:34]} Rc5 {[%clk 00:47:54]} {[%emt
00:04:42]} 29. Nd3 {[%clk 00:27:19]} {[%emt 00:03:11]} Rxe1 {[%clk 00:47:22]}
{[%emt 00:01:02]} 30. Rxe1 {[%clk 00:27:40]} {[%emt 00:00:08]} Ra5 {[%clk
00:46:17]} {[%emt 00:01:35]} 31. Nb2 {[%clk 00:26:39]} {[%emt 00:01:32]} Nd7
{[%clk 00:44:55]} {[%emt 00:01:51]} 32. Re4 {[%clk 00:24:21]} {[%emt 00:02:49]}
Re5 {[%clk 00:44:48]} {[%emt 00:00:36]} 33. Rxe5 {[%clk 00:24:34]} {[%emt
00:00:17]} Nxe5 {[%clk 00:45:14]} {[%emt 00:00:04]} 34. Kg1 {[%clk 00:24:52]}
{[%emt 00:00:12]} Ke7 {[%clk 00:45:24]} {[%emt 00:00:21]} 35. Kf2 {[%clk
00:24:59]} {[%emt 00:00:22]} Kd6 {[%clk 00:45:41]} {[%emt 00:00:12]} 36. h3
{[%clk 00:22:07]} {[%emt 00:03:23]} Kc5 {[%clk 00:45:54]} {[%emt 00:00:17]} 37.
Ke2 {[%clk 00:18:49]} {[%emt 00:03:48]} Kb4 {[%clk 00:45:46]} {[%emt 00:00:38]}
38. Kd1 {[%clk 00:18:53]} {[%emt 00:00:26]} Kc3 {[%clk 00:46:01]} {[%emt
00:00:15]} 39. Kc1 {[%clk 00:18:04]} {[%emt 00:01:19]} Nd3+ {[%clk 00:46:26]}
{[%emt 00:00:06]} 40. Nxd3 {[%clk 00:18:32]} {[%emt 00:00:02]} Kxd3 {[%clk
00:46:51]} {[%emt 00:00:04]} 41. Kb2 {[%clk 00:18:49]} {[%emt 00:00:13]} a5
{[%clk 00:47:17]} {[%emt 00:00:04]} 42. Kb3 {[%clk 00:18:51]} {[%emt 00:00:28]}
f5 {[%clk 00:47:41]} {[%emt 00:00:06]} 0-1

[Event "ODJM A 2025"]
[Site "Willingen GER"]
[Date "2025.06.11"]
[Round "6"]
[White "Friedhoff, Mirco"]
[Black "Matthes, Benjamin"]
[Result "0-1"]
[Termination "normal"]
[Board "27"]
[WhiteElo "1838"]
[BlackElo "1981"]
[WhiteClock "00:18:47"]
[BlackClock "00:10:23"]
[PlyCount "54"]
[WhiteFideId "16243447"]
[BlackFideId "16227298"]
[EventCountry "GER"]
[EventRounds "9"]
[EventType "swiss"]
[EventDate "2025.06.07"]

1. e4 {[%clk 01:30:57]} {[%emt 00:00:02]} c5 {[%clk 01:30:56]} {[%emt
00:00:05]} 2. Nc3 {[%clk 01:31:21]} {[%emt 00:00:06]} Nc6 {[%clk 01:31:17]}
{[%emt 00:00:09]} 3. Bb5 {[%clk 01:31:47]} {[%emt 00:00:04]} Nd4 {[%clk
01:31:42]} {[%emt 00:00:05]} 4. Bd3 {[%clk 01:32:12]} {[%emt 00:00:04]} g6
{[%clk 01:30:26]} {[%emt 00:01:46]} 5. f4 {[%clk 01:32:25]} {[%emt 00:00:18]}
Bg7 {[%clk 01:29:50]} {[%emt 00:01:06]} 6. Nf3 {[%clk 01:32:17]} {[%emt
00:00:38]} e6 {[%clk 01:29:02]} {[%emt 00:01:18]} 7. O-O {[%clk 01:31:40]}
{[%emt 00:01:06]} Ne7 {[%clk 01:25:53]} {[%emt 00:03:40]} 8. Kh1 {[%clk
01:27:08]} {[%emt 00:05:01]} O-O {[%clk 01:22:27]} {[%emt 00:03:56]} 9. b3
{[%clk 01:21:03]} {[%emt 00:06:36]} b6 {[%clk 01:16:40]} {[%emt 00:06:16]} 10.
Bb2 {[%clk 01:17:54]} {[%emt 00:03:39]} Bb7 {[%clk 01:04:56]} {[%emt 00:12:14]}
11. Rb1 {[%clk 01:05:50]} {[%emt 00:12:34]} f5 {[%clk 01:04:11]} {[%emt
00:01:16]} 12. Ng5 {[%clk 00:48:55]} {[%emt 00:17:24]} h6 {[%clk 00:58:58]}
{[%emt 00:05:43]} 13. exf5 {[%clk 00:48:40]} {[%emt 00:00:46]} exf5 {[%clk
00:55:41]} {[%emt 00:03:47]} 14. Nh3 {[%clk 00:33:58]} {[%emt 00:15:10]} Ne6
{[%clk 00:54:00]} {[%emt 00:02:12]} 15. Re1 {[%clk 00:31:41]} {[%emt 00:02:47]}
Kh7 {[%clk 00:40:20]} {[%emt 00:14:11]} 16. Qe2 {[%clk 00:26:44]} {[%emt
00:05:26]} Re8 {[%clk 00:39:33]} {[%emt 00:01:17]} 17. Nb5 {[%clk 00:26:35]}
{[%emt 00:00:40]} Bxb2 {[%clk 00:32:46]} {[%emt 00:07:17]} 18. Rxb2 {[%clk
00:26:15]} {[%emt 00:00:49]} Ng8 {[%clk 00:12:00]} {[%emt 00:21:16]} 19. Nd6
{[%clk 00:20:05]} {[%emt 00:06:39]} Nxf4 {[%clk 00:11:37]} {[%emt 00:00:55]}
20. Qxe8 {[%clk 00:19:19]} {[%emt 00:01:15]} Bxg2+ {[%clk 00:11:53]} {[%emt
00:00:14]} 21. Kg1 {[%clk 00:19:28]} {[%emt 00:00:15]} Nxh3+ {[%clk 00:12:21]}
{[%emt 00:00:08]} 22. Kxg2 {[%clk 00:19:24]} {[%emt 00:00:34]} Qg5+ {[%clk
00:12:13]} {[%emt 00:00:38]} 23. Kf1 {[%clk 00:17:34]} {[%emt 00:02:19]} Qg1+
{[%clk 00:09:59]} {[%emt 00:02:45]} 24. Ke2 {[%clk 00:17:59]} {[%emt 00:00:05]}
Rxe8+ {[%clk 00:10:25]} {[%emt 00:00:04]} 25. Nxe8 {[%clk 00:18:22]} {[%emt
00:00:07]} Qg4+ {[%clk 00:10:39]} {[%emt 00:00:15]} 26. Ke3 {[%clk 00:18:36]}
{[%emt 00:00:16]} Qd4+ {[%clk 00:10:11]} {[%emt 00:00:58]} 27. Kf3 {[%clk
00:18:47]} {[%emt 00:00:20]} Qf2# {[%clk 00:10:23]} {[%emt 00:00:16]} 0-1

[Event "ODJM A 2025"]
[Site "Willingen GER"]
[Date "2025.06.11"]
[Round "6"]
[White "Weeke, Tom"]
[Black "Nguyen, Phuc Nhat"]
[Result "0-1"]
[Termination "normal"]
[Board "28"]
[WhiteElo "1843"]
[BlackElo "1974"]
[WhiteClock "00:20:50"]
[BlackClock "00:20:02"]
[PlyCount "58"]
[WhiteFideId "34607080"]
[BlackFideId "16253590"]
[EventCountry "GER"]
[EventRounds "9"]
[EventType "swiss"]
[EventDate "2025.06.07"]

1. d4 {[%clk 01:30:57]} {[%emt 00:00:02]} d5 {[%clk 01:30:50]} {[%emt
00:00:11]} 2. c4 {[%clk 01:31:21]} {[%emt 00:00:06]} e6 {[%clk 01:29:44]}
{[%emt 00:01:36]} 3. Nc3 {[%clk 01:30:41]} {[%emt 00:01:10]} Nf6 {[%clk
01:30:06]} {[%emt 00:00:08]} 4. cxd5 {[%clk 01:30:56]} {[%emt 00:00:16]} exd5
{[%clk 01:30:27]} {[%emt 00:00:09]} 5. Bg5 {[%clk 01:31:18]} {[%emt 00:00:07]}
Bb4 {[%clk 01:30:20]} {[%emt 00:00:37]} 6. e3 {[%clk 01:28:46]} {[%emt
00:03:02]} h6 {[%clk 01:29:10]} {[%emt 00:01:40]} 7. Bh4 {[%clk 01:27:36]}
{[%emt 00:01:40]} g5 {[%clk 01:28:53]} {[%emt 00:00:48]} 8. Bg3 {[%clk
01:28:04]} {[%emt 00:00:02]} Ne4 {[%clk 01:29:22]} {[%emt 00:00:01]} 9. Nge2
{[%clk 01:27:25]} {[%emt 00:01:07]} h5 {[%clk 01:29:44]} {[%emt 00:00:10]} 10.
f3 {[%clk 01:27:32]} {[%emt 00:00:23]} Nxg3 {[%clk 01:30:04]} {[%emt 00:00:09]}
11. hxg3 {[%clk 01:27:25]} {[%emt 00:00:37]} Be6 {[%clk 01:30:07]} {[%emt
00:00:27]} 12. e4 {[%clk 01:14:45]} {[%emt 00:13:10]} Nc6 {[%clk 01:16:51]}
{[%emt 00:13:46]} 13. Qd3 {[%clk 01:02:04]} {[%emt 00:13:11]} Qd7 {[%clk
01:13:01]} {[%emt 00:04:20]} 14. O-O-O {[%clk 00:59:02]} {[%emt 00:03:32]}
O-O-O {[%clk 01:12:33]} {[%emt 00:00:59]} 15. Kb1 {[%clk 00:52:51]} {[%emt
00:06:40]} Kb8 {[%clk 00:59:09]} {[%emt 00:13:53]} 16. Ka1 {[%clk 00:52:11]}
{[%emt 00:01:10]} Be7 {[%clk 00:51:56]} {[%emt 00:07:44]} 17. Qb5 {[%clk
00:40:33]} {[%emt 00:12:07]} a6 {[%clk 00:41:05]} {[%emt 00:11:22]} 18. Qa4
{[%clk 00:40:48]} {[%emt 00:00:14]} Nb4 {[%clk 00:40:02]} {[%emt 00:01:34]} 19.
Qxd7 {[%clk 00:39:47]} {[%emt 00:01:31]} Rxd7 {[%clk 00:40:13]} {[%emt
00:00:20]} 20. Kb1 {[%clk 00:39:36]} {[%emt 00:00:40]} f6 {[%clk 00:33:23]}
{[%emt 00:07:20]} 21. exd5 {[%clk 00:36:09]} {[%emt 00:03:57]} Bf5+ {[%clk
00:30:55]} {[%emt 00:02:58]} 22. Ne4 {[%clk 00:36:09]} {[%emt 00:00:30]} Nxd5
{[%clk 00:31:01]} {[%emt 00:00:24]} 23. N2c3 {[%clk 00:35:11]} {[%emt
00:01:23]} Ne3 {[%clk 00:26:40]} {[%emt 00:04:56]} 24. Rd3 {[%clk 00:34:38]}
{[%emt 00:01:02]} Nxf1 {[%clk 00:25:30]} {[%emt 00:01:41]} 25. Rxf1 {[%clk
00:35:01]} {[%emt 00:00:07]} Rhd8 {[%clk 00:25:43]} {[%emt 00:00:18]} 26. Rfd1
{[%clk 00:34:32]} {[%emt 00:00:58]} Bg6 {[%clk 00:24:16]} {[%emt 00:01:57]} 27.
f4 {[%clk 00:27:01]} {[%emt 00:08:01]} Bb4 {[%clk 00:21:01]} {[%emt 00:03:45]}
28. Re1 {[%clk 00:20:37]} {[%emt 00:06:54]} Bxc3 {[%clk 00:19:39]} {[%emt
00:01:52]} 29. bxc3 {[%clk 00:20:50]} {[%emt 00:00:16]} Re7 {[%clk 00:20:02]}
{[%emt 00:00:08]} 0-1

[Event "ODJM A 2025"]
[Site "Willingen GER"]
[Date "2025.06.11"]
[Round "6"]
[White "Schulz, Dennis"]
[Black "Schilling, Rumo"]
[Result "0-1"]
[Termination "normal"]
[Board "29"]
[WhiteElo "1894"]
[BlackElo "1852"]
[WhiteClock "01:06:53"]
[BlackClock "00:51:51"]
[PlyCount "26"]
[WhiteFideId "16241231"]
[BlackFideId "16283139"]
[EventCountry "GER"]
[EventRounds "9"]
[EventType "swiss"]
[EventDate "2025.06.07"]

1. d4 {[%clk 01:30:56]} {[%emt 00:00:04]} d5 {[%clk 01:30:29]} {[%emt
00:00:33]} 2. Nf3 {[%clk 01:31:21]} {[%emt 00:00:04]} Nf6 {[%clk 01:30:55]}
{[%emt 00:00:04]} 3. c4 {[%clk 01:31:45]} {[%emt 00:00:06]} dxc4 {[%clk
01:31:23]} {[%emt 00:00:03]} 4. e3 {[%clk 01:30:09]} {[%emt 00:02:04]} b5
{[%clk 01:29:23]} {[%emt 00:02:31]} 5. b3 {[%clk 01:29:25]} {[%emt 00:01:14]}
cxb3 {[%clk 01:29:05]} {[%emt 00:00:48]} 6. Qxb3 {[%clk 01:29:47]} {[%emt
00:00:08]} c6 {[%clk 01:25:05]} {[%emt 00:04:31]} 7. a4 {[%clk 01:29:16]}
{[%emt 00:01:01]} b4 {[%clk 01:04:44]} {[%emt 00:20:51]} 8. Qxb4 {[%clk
01:25:19]} {[%emt 00:04:26]} e6 {[%clk 01:05:07]} {[%emt 00:00:07]} 9. Qb3
{[%clk 01:22:44]} {[%emt 00:03:04]} Qb6 {[%clk 01:05:33]} {[%emt 00:00:05]} 10.
Nbd2 {[%clk 01:21:22]} {[%emt 00:01:51]} Ba6 {[%clk 01:02:10]} {[%emt
00:03:55]} 11. Ba3 {[%clk 01:07:05]} {[%emt 00:14:46]} Qxb3 {[%clk 00:51:14]}
{[%emt 00:11:25]} 12. Nxb3 {[%clk 01:07:15]} {[%emt 00:00:20]} Bxa3 {[%clk
00:51:40]} {[%emt 00:00:05]} 13. Bxa6 {[%clk 01:06:53]} {[%emt 00:00:52]} Bb4+
{[%clk 00:51:51]} {[%emt 00:00:19]} 0-1

[Event "ODJM A 2025"]
[Site "Willingen GER"]
[Date "2025.06.11"]
[Round "6"]
[White "Tiedemann, Fin Niklas"]
[Black "Grunert, Wilhelm"]
[Result "1-0"]
[Termination "normal"]
[Board "30"]
[WhiteElo "1938"]
[BlackElo "1892"]
[WhiteClock "00:31:41"]
[BlackClock "00:30:27"]
[PlyCount "85"]
[WhiteFideId "12936936"]
[BlackFideId "12995673"]
[EventCountry "GER"]
[EventRounds "9"]
[EventType "swiss"]
[EventDate "2025.06.07"]

1. e4 {[%clk 01:30:58]} {[%emt 00:00:01]} c5 {[%clk 01:30:54]} {[%emt
00:00:07]} 2. Nc3 {[%clk 01:31:19]} {[%emt 00:00:09]} Nc6 {[%clk 01:31:13]}
{[%emt 00:00:11]} 3. g3 {[%clk 01:31:45]} {[%emt 00:00:04]} g6 {[%clk
01:31:29]} {[%emt 00:00:13]} 4. Bg2 {[%clk 01:32:10]} {[%emt 00:00:05]} Bg7
{[%clk 01:31:50]} {[%emt 00:00:09]} 5. d3 {[%clk 01:32:33]} {[%emt 00:00:07]}
d6 {[%clk 01:31:52]} {[%emt 00:00:28]} 6. f4 {[%clk 01:32:58]} {[%emt
00:00:05]} e6 {[%clk 01:32:06]} {[%emt 00:00:16]} 7. Nf3 {[%clk 01:33:24]}
{[%emt 00:00:05]} Nge7 {[%clk 01:32:20]} {[%emt 00:00:16]} 8. O-O {[%clk
01:33:46]} {[%emt 00:00:07]} O-O {[%clk 01:32:38]} {[%emt 00:00:11]} 9. g4
{[%clk 01:31:11]} {[%emt 00:03:06]} f5 {[%clk 01:31:19]} {[%emt 00:01:49]} 10.
gxf5 {[%clk 01:29:30]} {[%emt 00:02:11]} exf5 {[%clk 01:27:42]} {[%emt
00:04:08]} 11. Ne2 {[%clk 01:28:45]} {[%emt 00:01:15]} Rb8 {[%clk 01:20:40]}
{[%emt 00:07:31]} 12. a4 {[%clk 01:28:54]} {[%emt 00:00:22]} a6 {[%clk
01:18:37]} {[%emt 00:02:33]} 13. c3 {[%clk 01:28:09]} {[%emt 00:01:13]} Be6
{[%clk 01:15:10]} {[%emt 00:03:57]} 14. Ng5 {[%clk 01:22:57]} {[%emt 00:05:43]}
Qd7 {[%clk 01:14:02]} {[%emt 00:01:38]} 15. Ng3 {[%clk 01:18:44]} {[%emt
00:04:44]} h6 {[%clk 01:04:31]} {[%emt 00:10:01]} 16. Nxe6 {[%clk 01:17:00]}
{[%emt 00:02:13]} Qxe6 {[%clk 01:04:52]} {[%emt 00:00:09]} 17. Bd2 {[%clk
01:08:03]} {[%emt 00:09:27]} d5 {[%clk 00:58:34]} {[%emt 00:06:49]} 18. exf5
{[%clk 01:01:42]} {[%emt 00:06:50]} Nxf5 {[%clk 00:57:40]} {[%emt 00:01:24]}
19. Qf3 {[%clk 01:01:44]} {[%emt 00:00:28]} Rbd8 {[%clk 00:52:12]} {[%emt
00:05:59]} 20. Bh3 {[%clk 00:58:15]} {[%emt 00:03:58]} Nce7 {[%clk 00:48:02]}
{[%emt 00:04:39]} 21. Rae1 {[%clk 00:49:30]} {[%emt 00:09:15]} Qb6 {[%clk
00:44:12]} {[%emt 00:04:20]} 22. Bc1 {[%clk 00:49:39]} {[%emt 00:00:21]} Qc6
{[%clk 00:36:10]} {[%emt 00:08:33]} 23. Qe2 {[%clk 00:39:16]} {[%emt 00:10:52]}
Qxa4 {[%clk 00:31:27]} {[%emt 00:05:13]} 24. Bxf5 {[%clk 00:37:31]} {[%emt
00:02:15]} Nxf5 {[%clk 00:31:36]} {[%emt 00:00:22]} 25. Nxf5 {[%clk 00:36:13]}
{[%emt 00:01:48]} Rxf5 {[%clk 00:27:31]} {[%emt 00:04:36]} 26. Qe7 {[%clk
00:29:28]} {[%emt 00:07:15]} Qd7 {[%clk 00:21:04]} {[%emt 00:06:56]} 27. Qxc5
{[%clk 00:12:43]} {[%emt 00:17:15]} d4 {[%clk 00:20:57]} {[%emt 00:00:37]} 28.
Qb6 {[%clk 00:13:09]} {[%emt 00:00:05]} dxc3 {[%clk 00:10:16]} {[%emt
00:11:10]} 29. Qxg6 {[%clk 00:13:17]} {[%emt 00:00:21]} Rf6 {[%clk 00:09:07]}
{[%emt 00:01:40]} 30. Qg2 {[%clk 00:12:09]} {[%emt 00:01:38]} Qxd3 {[%clk
00:08:19]} {[%emt 00:01:19]} 31. f5 {[%clk 00:07:47]} {[%emt 00:04:51]} Rxf5
{[%clk 00:07:28]} {[%emt 00:01:21]} 32. Rxf5 {[%clk 00:07:01]} {[%emt
00:01:16]} Qxf5 {[%clk 00:07:35]} {[%emt 00:00:23]} 33. Bxh6 {[%clk 00:06:43]}
{[%emt 00:00:48]} Rd7 {[%clk 00:04:55]} {[%emt 00:03:10]} 34. bxc3 {[%clk
00:06:04]} {[%emt 00:01:10]} Qc5+ {[%clk 00:04:33]} {[%emt 00:00:50]} 35. Kh1
{[%clk 00:03:57]} {[%emt 00:02:37]} Qxc3 {[%clk 00:02:13]} {[%emt 00:02:51]}
36. Re8+ {[%clk 00:00:52]} {[%emt 00:03:35]} Kf7 {[%clk 00:02:16]} {[%emt
00:00:27]} 37. Qe4 {[%clk 00:00:42]} {[%emt 00:00:40]} Rd1+ {[%clk 00:01:08]}
{[%emt 00:01:38]} 38. Kg2 {[%clk 00:01:05]} {[%emt 00:00:06]} Qb2+ {[%clk
00:01:02]} {[%emt 00:00:36]} 39. Kh3 {[%clk 00:01:19]} {[%emt 00:00:16]} Qb3+
{[%clk 00:00:42]} {[%emt 00:00:50]} 40. Be3 {[%clk 00:01:14]} {[%emt 00:00:35]}
Rd4 {[%clk 00:00:40]} {[%emt 00:00:33]} 41. Qe7+ {[%clk 00:00:54]} {[%emt
00:00:50]} Kg6 {[%clk 00:00:52]} {[%emt 00:00:18]} 42. Qg5+ {[%clk 00:01:18]}
{[%emt 00:00:06]} Kf7 {[%clk 00:30:27]} {[%emt 00:00:55]} 43. Re7+ {[%clk
00:31:41]} {[%emt 00:00:07]} 1-0

[Event "ODJM A 2025"]
[Site "Willingen GER"]
[Date "2025.06.11"]
[Round "6"]
[White "Seitz, Manuel"]
[Black "Tulchynsky, Mark"]
[Result "0-1"]
[Termination "normal"]
[Board "31"]
[WhiteElo "1859"]
[BlackElo "1810"]
[WhiteClock "00:08:40"]
[BlackClock "00:02:47"]
[PlyCount "68"]
[WhiteFideId "16215770"]
[BlackFideId "34617698"]
[EventCountry "GER"]
[EventRounds "9"]
[EventType "swiss"]
[EventDate "2025.06.07"]

1. e4 {[%clk 01:30:57]} {[%emt 00:00:03]} c6 {[%clk 01:30:53]} {[%emt
00:00:08]} 2. d4 {[%clk 01:31:17]} {[%emt 00:00:10]} d5 {[%clk 01:31:18]}
{[%emt 00:00:04]} 3. Nc3 {[%clk 01:31:36]} {[%emt 00:00:12]} dxe4 {[%clk
01:31:40]} {[%emt 00:00:09]} 4. Nxe4 {[%clk 01:31:57]} {[%emt 00:00:08]} Nf6
{[%clk 01:32:05]} {[%emt 00:00:05]} 5. Nxf6+ {[%clk 01:32:14]} {[%emt
00:00:13]} exf6 {[%clk 01:32:33]} {[%emt 00:00:01]} 6. c3 {[%clk 01:32:27]}
{[%emt 00:00:18]} Bd6 {[%clk 01:32:59]} {[%emt 00:00:04]} 7. Bd3 {[%clk
01:32:46]} {[%emt 00:00:11]} O-O {[%clk 01:33:24]} {[%emt 00:00:05]} 8. Qc2
{[%clk 01:33:08]} {[%emt 00:00:07]} Re8+ {[%clk 01:33:50]} {[%emt 00:00:05]} 9.
Ne2 {[%clk 01:33:28]} {[%emt 00:00:09]} h5 {[%clk 01:34:16]} {[%emt 00:00:05]}
10. O-O {[%clk 01:31:12]} {[%emt 00:02:46]} Qc7 {[%clk 01:34:18]} {[%emt
00:00:28]} 11. Ng3 {[%clk 01:24:17]} {[%emt 00:07:24]} h4 {[%clk 01:33:57]}
{[%emt 00:00:51]} 12. Nf5 {[%clk 01:18:57]} {[%emt 00:05:49]} Bxf5 {[%clk
01:33:43]} {[%emt 00:00:45]} 13. Bxf5 {[%clk 01:19:16]} {[%emt 00:00:12]} Bxh2+
{[%clk 01:33:57]} {[%emt 00:00:16]} 14. Kh1 {[%clk 01:19:38]} {[%emt 00:00:07]}
Bd6 {[%clk 01:29:47]} {[%emt 00:04:40]} 15. Qd3 {[%clk 01:12:42]} {[%emt
00:07:26]} c5 {[%clk 01:02:42]} {[%emt 00:27:36]} 16. Qh3 {[%clk 00:58:56]}
{[%emt 00:14:15]} g6 {[%clk 00:59:47]} {[%emt 00:03:26]} 17. Bd3 {[%clk
00:54:06]} {[%emt 00:05:20]} Kg7 {[%clk 00:59:32]} {[%emt 00:00:45]} 18. Bd2
{[%clk 00:41:09]} {[%emt 00:13:27]} Nc6 {[%clk 00:57:04]} {[%emt 00:02:58]} 19.
Rac1 {[%clk 00:36:41]} {[%emt 00:04:57]} Qb6 {[%clk 00:44:36]} {[%emt
00:12:58]} 20. dxc5 {[%clk 00:35:02]} {[%emt 00:02:10]} Bxc5 {[%clk 00:44:22]}
{[%emt 00:00:44]} 21. b4 {[%clk 00:34:57]} {[%emt 00:00:34]} Bxf2 {[%clk
00:37:52]} {[%emt 00:07:01]} 22. c4 {[%clk 00:25:29]} {[%emt 00:09:58]} Bd4
{[%clk 00:37:17]} {[%emt 00:01:05]} 23. Rf4 {[%clk 00:21:05]} {[%emt 00:04:53]}
g5 {[%clk 00:21:37]} {[%emt 00:16:10]} 24. Rff1 {[%clk 00:18:17]} {[%emt
00:03:17]} Ne5 {[%clk 00:19:16]} {[%emt 00:02:53]} 25. Bb1 {[%clk 00:16:39]}
{[%emt 00:02:07]} g4 {[%clk 00:15:25]} {[%emt 00:04:22]} 26. Qb3 {[%clk
00:16:24]} {[%emt 00:00:44]} h3 {[%clk 00:14:11]} {[%emt 00:01:44]} 27. b5
{[%clk 00:15:11]} {[%emt 00:01:43]} hxg2+ {[%clk 00:02:25]} {[%emt 00:12:17]}
28. Kxg2 {[%clk 00:15:35]} {[%emt 00:00:05]} Nf3 {[%clk 00:01:49]} {[%emt
00:01:06]} 29. Bb4 {[%clk 00:10:04]} {[%emt 00:06:01]} Re2+ {[%clk 00:01:34]}
{[%emt 00:00:44]} 30. Kg3 {[%clk 00:09:27]} {[%emt 00:01:08]} Re3 {[%clk
00:01:32]} {[%emt 00:00:32]} 31. Rxf3 {[%clk 00:08:00]} {[%emt 00:01:57]} Rxf3+
{[%clk 00:01:47]} {[%emt 00:00:15]} 32. Qxf3 {[%clk 00:08:15]} {[%emt
00:00:14]} gxf3 {[%clk 00:02:13]} {[%emt 00:00:05]} 33. Rh1 {[%clk 00:08:34]}
{[%emt 00:00:10]} Bf2+ {[%clk 00:02:22]} {[%emt 00:00:23]} 34. Kxf3 {[%clk
00:08:40]} {[%emt 00:00:24]} Qe3+ {[%clk 00:02:47]} {[%emt 00:00:04]} 0-1